• 首页
  • 本馆介绍
  • 公告通知
  • 最新文献
  • 馆藏检索
  • 电子资源
  • 读者导购
  • 参考咨询
  • 我的图书馆
  • 登录
  • 详细信息显示
  • 放入我的书架
  • 预约/预借图书
  • 作者相关作品
  • 分类相关作品
  • 丛书相关作品
  • 出版社相关作品

书目信息

  • 表格格式
  • 工作单格式
  • 卡片格式
题名:
西厢记
    
 
作者: 王实甫 著
分册:  
出版信息: 上海   上海古籍出版社  1978.12
页数: 264页
开本: 20cm
丛书名:
单 册:
中图分类: I237.1
科图分类:
主题词: 戏剧文学--剧本--中国
电子资源:
ISBN:
000 00473nam0 2200181 45
001 0312221749
005 20060818165030.25
010    @dCNY0.84
100    @a20031222d1978 km y0chiy0120 ea
101    @achi
200 1  @a西厢记@AXi Xiang Ji@f王实甫著@FWang Shi Fu Zhu
210    @a上海@c上海古籍出版社@d1978.12
215    @a264页@d20cm
606 0  @a戏剧文学@x剧本@x中国
690    @aI237.1@v3
701 0  @a王实甫@4著
801    @aCN@bTSTCL@c20060818
905    @a213230@dI237.1@e1
    
    西厢记/王实甫著.-上海:上海古籍出版社,1978.12
    264页;20cm
    
    
    ISBN :CNY0.84
    
●
相关链接 在E读中查询图书 在五车中查询图书 在当当中查询图书 在豆瓣中查询图书


正题名:西厢记     索取号:I237.1/1         预约/预借

序号 登录号 条形码 馆藏地/架位号 状态 备注
1 0029780   000767717   第二借阅区/ [索取号:I237.1/1] 在馆    
2 0029781   000767708   第二借阅区/ [索取号:I237.1/1] 在馆    
3 0171763   000767673   第二借阅区/ [索取号:I237.1/1] 在馆    
4 0174701   000767682   第二借阅区/ [索取号:I237.1/1] 在馆    
5 0229197   000790166   第二借阅区/ [索取号:I237.1/1] 在馆    
6 0229198   000767664   第二借阅区/ [索取号:I237.1/1] 在馆    
7 0229199   000767726   第二借阅区/ [索取号:I237.1/1] 在馆    
8 0229200   000767771   第二借阅区/ [索取号:I237.1/1] 在馆    
9 0229201   000767735   第一样本阅览室/ [索取号:I237.1/1] 在馆    
10 0426868   204268684   密集书库/ [索取号:I237.1/1] 在馆    
11 0426869   204268693   密集书库/ [索取号:I237.1/1] 在馆    
12 0428039   204280394   密集书库/ [索取号:I237.1/1] 在馆    
13 0428040   204280401   密集书库/ [索取号:I237.1/1] 在馆    
14 0457217   204572177   密集书库/ [索取号:I237.1/1] 在馆    
15 0457218   204572186   密集书库/ [索取号:I237.1/1] 在馆    
16 0457219   204572195   密集书库/ [索取号:I237.1/1] 在馆    
17 0469582   204695829   密集书库/ [索取号:I237.1/1] 在馆    
18 0469583   204695838   密集书库/ [索取号:I237.1/1] 在馆    
唐山师范学院图书馆 欢迎您!
大连网信软件有限公司© 版权所有